000 00747nam a2200265Ia 4500
003 OSt
005 20220925221320.0
006 a|||||r|||| 00| 0
007 ta
008 220923b |||||||| |||| 00| 0 eng d
020 _a0 7145 2646 0
037 _cGeneral Book
040 _aRTL
_cRTL
_beng
041 _2eng
_aeng
082 _aX:10aY, L8
100 _aLeiss William
_9286274
245 0 _aLimits to satisfaction
_b On needs and commodities
260 _aLondon
_bMarrion Bayars
_c1978
300 _aviii,168p.
_ccm.
490 _aIdeas in Progress
500 _aBibliography: P157-165
650 _aConsumption Economics
942 _hX:10aY, L8
_cGB
_2CC
999 _c573939
_d573939